[Event "Weymouth Minor op"]
[Site "Weymouth"]
[Date "2008.10.25"]
[Round "3"]
[White "George, John M"]
[Black "Hills, Peter"]
[Result "1/2-1/2"]
[WhiteElo "1400"]
[BlackElo "1520"]
[PlyCount "79"]
[EventDate "2008.10.24"]
[EventType "swiss"]
[EventRounds "5"]
[EventCountry "ENG"]
[SourceTitle "EXT 2011"]
[Source "ChessBase"]
[SourceDate "2010.11.26"]
[SourceVersion "1"]
[SourceVersionDate "2010.11.26"]
[SourceQuality "1"]

1. e4 c5 2. c3 Nc6 3. d4 e6 4. Nf3 d5 5. e5 f6 6. Bd3 c4 7. Bc2 fxe5 8. Nxe5 Nxe5 9. dxe5 Bc5 10. Qh5+ Kd7 11. 0-0 Qf8 12. Be3 Kc6 13. Nd2 Ne7 14. Bxc5 Kxc5 15. Qg4 b5 16. Qd4+ Kc6 17. b3 Nf5 18. Bxf5 Qxf5 19. b4 a6 20. Qc5+ Kb7 21. Nf3 Qf8 22. Qe3 h6 23. Nd4 Qf7 24. a4 Bd7 25. axb5 axb5 26. Ra5 Rxa5 27. bxa5 Ra8 28. Ra1 Qe8 29. Qc1 g5 30. Qa3 Ra6 31. Qb4 h5 32. Qb1 h4 33. Qh7 Ka8 34. h3 Kb8 35. Qb1 Ka8 36. Qb4 Kb8 37. Rb1 Ra7 38. Qd6+ Ka8 39. a6 Qb8 40. Qxb8+ 1/2-1/2

[Event "Weymouth Minor op"]
[Site "Weymouth"]
[Date "2008.10.25"]
[Round "2"]
[White "Hills, Peter"]
[Black "Evans, Alan JA"]
[Result "1-0"]
[WhiteElo "1520"]
[BlackElo "1320"]
[PlyCount "109"]
[EventDate "2008.10.24"]
[EventType "swiss"]
[EventRounds "5"]
[EventCountry "ENG"]
[SourceTitle "EXT 2011"]
[Source "ChessBase"]
[SourceDate "2010.11.26"]
[SourceVersion "1"]
[SourceVersionDate "2010.11.26"]
[SourceQuality "1"]

1. e4 c5 2. Nf3 Nc6 3. Nc3 e6 4. g3 Be7 5. Bg2 Nf6 6. d3 b6 7. Bf4 Bb7 8. 0-0 a6 9. a3 d6 10. e5 Ng4 11. h3 Ngxe5 12. Nxe5 dxe5 13. Bxe5 Nxe5 14. Bxb7 Ra7 15. Bg2 0-0 16. Re1 Ng6 17. Be4 Rd7 18. Bxg6 fxg6 19. Rxe6 Rf5 20. Qg4 Qf8 21. Ne4 Bd8 22. Re1 Re7 23. Rxe7 Bxe7 24. Re2 Qf7 25. Nd2 b5 26. Qe4 Kf8 27. Qa8+ Qe8 28. Qxe8+ Kxe8 29. Re6 Rf6 30. Rxf6 gxf6 31. Kg2 Kd7 32. Kf3 Ke6 33. c4 h5 34. h4 f5 35. Kf4 Bf6 36. Nb3 Kd6 37. f3 Bxb2 38. Kg5 Bxa3 39. Kxg6 Ke5 40. Kxh5 bxc4 41. dxc4 Bb4 42. Kg6 a5 43. Nxa5 Bxa5 44. h5 Bd8 45. h6 Bf6 46. g4 fxg4 47. fxg4 Ke6 48. g5 Bd4 49. Kh7 Kf5 50. g6 Ke4 51. g7 Kd3 52. g8Q Kc3 53. Qd5 Kb4 54. Kg8 Kc3 55. h7 1-0